|
|
|
|
| LEADER |
00621cam a2200181 7i4500 |
| 001 |
0000030976 |
| 005 |
20170218090000.0 |
| 020 |
|
|
|a 9781405159234 (pbk.)
|
| 090 |
0 |
0 |
|a TH43
|b .S87 2008
|
| 245 |
0 |
0 |
|a Surveying and engineering :
|b principles and practice
|c Paul Watson ... [et al.].
|
| 260 |
|
|
|a Oxford, U.K.:
|b Blackwell Pub.,
|c 2008.
|
| 300 |
|
|
|a xviii, 286 p.;
|c 25 cm.
|
| 650 |
0 |
0 |
|a Building --
|x Superintendence
|
| 650 |
0 |
0 |
|a Surveying
|
| 700 |
1 |
|
|a Watson, Paul
|
| 997 |
|
|
|a Engineering, Faculty
|b Engineering, Department
|
| 998 |
|
|
|a Civil Engineering, Degree
|
| 999 |
|
|
|a 0000035240
|b BOK
|c OPEN SHELF
|e 2nd Floor, Bestari Jaya
|